[Event "Let's Play Chess!"]
[Site "http://www.queenalice.com/game.php?id=903585"]
[Date "2011.2.22"]
[Round "-"]
[White "Ranj"]
[Black "equus"]
[Result "1-0"]
[WhiteElo "2000"]
[BlackElo "1918"]

1. e4 c6 2. d4 d5 3. e5 Bf5 4. Nf3 e6 5. Be2 Nd7 6. Bf4 Ne7 7. Nc3 h6 8. O-O Ng6
9. Bg3 Be7 10. Na4 b5 11. Nc3 Bh4 12. Nxh4 Nxh4 13. Nb1 Bh7 14. Nd2 Nf5 15. Bh5
Bg6 16. c3 Nxg3 17. fxg3 O-O 18. Bxg6 fxg6 19. Qg4 Rxf1+ 20. Rxf1 Nf8 21. Nb3 h5
22. Qf3 Nd7 23. Qf7+ Kh7 24. Qxe6 Qc7 25. Rf7 1-0

[Event "Let's Play Chess!"]
[Site "http://www.queenalice.com/game.php?id=917606"]
[Date "2011.3.26"]
[Round "-"]
[White "Ranj"]
[Black "dnptrs"]
[Result "1/2-1/2"]
[WhiteElo "2009"]
[BlackElo "2196"]

1. e4 c5 2. Nf3 e6 3. c3 d6 4. d4 cxd4 5. cxd4 Nf6 6. Nc3 Be7 7. Be2 O-O 8. O-O
Nc6 9. e5 dxe5 10. dxe5 Ng4 11. Bf4 Qa5 12. a3 Rd8 13. Qc2 Ncxe5 14. b4 Qc7 15.
Ng5 Bxg5 16. Bxg5 Nf6 17. Rac1 Ng6 18. Ne4 Qe7 1/2-1/2

[Event "Let's Play Chess!"]
[Site "http://www.queenalice.com/game.php?id=917607"]
[Date "2011.3.27"]
[Round "-"]
[White "ljkhalil"]
[Black "Ranj"]
[Result "0-1"]
[WhiteElo "2189"]
[BlackElo "2016"]

1. d4 d5 2. c4 c6 3. Nc3 Nf6 4. e3 e6 5. Nf3 Be7 6. Bd3 dxc4 7. Bxc4 O-O 8. O-O
Nbd7 9. Ne2 b5 10. Bd3 a6 11. Nf4 Bb7 12. e4 h6 13. Nh4 e5 14. Nhg6 fxg6 15. Ne6
Qe8 16. Nxf8 Qxf8 17. dxe5 Nxe5 18. Bc2 c5 19. f4 Rd8 20. Qe2 Nc6 21. e5 Nd4 22.
Bb3+ c4 23. Bxc4+ bxc4 24. Qxc4+ Bd5 25. Qc7 Ne4 26. Rd1 Ne6 27. Qc2 Bc5+ 0-1

[Event "Let's Play Chess!"]
[Site "http://www.queenalice.com/game.php?id=936656"]
[Date "2011.5.11"]
[Round "-"]
[White "Ranj"]
[Black "Rafale2000"]
[Result "1-0"]
[WhiteElo "2039"]
[BlackElo "2042"]

1. e4 Nf6 2. e5 Nd5 3. c4 Nb6 4. Nf3 d6 5. Be2 c5 6. a4 d5 7. b3 Bf5 8. a5 Nc8
9. O-O e6 10. d4 Nc6 11. a6 b6 12. Bb2 cxd4 13. Nxd4 Nxd4 14. Bxd4 Be7 15. cxd5
exd5 16. Bb5+ Bd7 17. Nc3 O-O 18. Qe2 Bxb5 19. Nxb5 Bc5 20. e6 Bxd4 21. Nxd4 Nd6
22. e7 Qd7 23. exf8=R+ Kxf8 24. Rac1 Re8 25. Qh5 Kg8 26. Qxd5 Rd8 27. Rfe1 g6
28. Nc6 Nf5 29. Qxd7 Rxd7 30. Re8+ Kg7 31. Ra8 1-0

[Event "Let's Play Chess!"]
[Site "http://www.queenalice.com/game.php?id=936657"]
[Date "2011.5.11"]
[Round "-"]
[White "Rafale2000"]
[Black "Ranj"]
[Result "0-1"]
[WhiteElo "2014"]
[BlackElo "2055"]

1. f4 Nf6 2. b3 d6 3. Nf3 e6 4. Bb2 Be7 5. e3 b6 6. c4 Bb7 7. Nc3 O-O 8. Bd3
Nbd7 9. O-O Nc5 10. Bc2 Nce4 11. d3 Nxc3 12. Bxc3 Ng4 13. Qc1 Bf6 14. d4 c5 15.
h3 cxd4 16. Bxd4 Bxd4 17. exd4 Nf6 18. Qe3 Re8 19. Rae1 Qc7 20. g4 Qc6 21. Kh2
b5 22. g5 Nh5 23. Be4 d5 24. Bd3 bxc4 25. Bc2 cxb3 26. Bxb3 a5 27. Rc1 Qd6 28.
Ne5 Ba6 29. Rc6 Qa3 30. Rc7 Bxf1 31. Nxf7 Ra7 32. Nd6 Rxc7 0-1

[Event "Let's Play Chess!"]
[Site "http://www.queenalice.com/game.php?id=963398"]
[Date "2011.7.22"]
[Round "-"]
[White "Ranj"]
[Black "dnptrs"]
[Result "0-1"]
[WhiteElo "2069"]
[BlackElo "2136"]

1. e4 c5 2. Nf3 e6 3. c3 Nc6 4. d4 d5 5. exd5 Qxd5 6. c4 Qd8 7. d5 Nb8 8. Nc3
Nf6 9. Bg5 Be7 10. Qd2 O-O 11. Be2 h6 12. Bh4 Nxd5 13. Nxd5 exd5 14. Bxe7 Qxe7
15. O-O d4 16. Bd3 Nc6 17. Rfe1 Qf6 18. a3 Rd8 19. Re2 Bg4 0-1

[Event "Let's Play Chess!"]
[Site "http://www.queenalice.com/game.php?id=963400"]
[Date "2011.7.22"]
[Round "-"]
[White "dnptrs"]
[Black "Ranj"]
[Result "1-0"]
[WhiteElo "2146"]
[BlackElo "2056"]

1. d4 d5 2. Nf3 e6 3. e3 c5 4. Be2 cxd4 5. exd4 Nf6 6. O-O Be7 7. c3 Nc6 8. Bg5
O-O 9. Nbd2 Ne4 10. Bxe7 Qxe7 11. Nxe4 dxe4 12. Nd2 f5 13. f3 e3 14. Nb3 f4 15.
Bc4 a6 16. Nc5 Kh8 17. b4 b6 18. Ne4 Bb7 19. a4 Nd8 20. Qe2 1-0

[Event "Let's Play Chess!"]
[Site "http://www.queenalice.com/game.php?id=1022053"]
[Date "2012.1.30"]
[Round "-"]
[White "Ranj"]
[Black "andrevillares"]
[Result "0-1"]
[WhiteElo "2059"]
[BlackElo "1959"]

1. e4 c6 2. d4 d5 3. e5 Bf5 4. Bd3 Bxd3 5. Qxd3 e6 6. Nf3 c5 7. c3 c4 8. Qc2 Nc6
9. O-O Nge7 10. b3 cxb3 11. axb3 Nf5 12. Bb2 Be7 13. Na3 O-O 14. Rac1 Rc8 15.
Qd3 Na5 16. c4 dxc4 17. bxc4 Qb6 18. Qd2 Rfd8 19. Rfd1 Nb3 20. Qc3 Nxc1 21. Bxc1
Bc5 22. Nc2 Rc7 23. g4 Ne7 24. Be3 Rcd7 25. h3 Qc6 26. Kg2 Ng6 27. Kg3 f6 28.
exf6 gxf6 29. Rg1 Bd6+ 30. Kg2 Nh4+ 0-1

[Event "Let's Play Chess!"]
[Site "http://www.queenalice.com/game.php?id=1022320"]
[Date "2012.1.31"]
[Round "-"]
[White "josealexandreschultz"]
[Black "Ranj"]
[Result "0-1"]
[WhiteElo "1697"]
[BlackElo "2057"]

1. e4 c5 2. Nf3 d6 3. d4 cxd4 4. Nxd4 a6 5. Nc3 e6 6. Be2 Be7 7. O-O Nf6 8. Bg5
O-O 9. f4 Nbd7 10. Kh1 Qc7 11. g4 b5 12. a3 Bb7 13. Bf3 Rae8 14. Bxf6 Bxf6 0-1

[Event "Challenge"]
[Site "http://www.queenalice.com/game.php?id=1022617"]
[Date "2012.1.31"]
[Round "-"]
[White "Canaye"]
[Black "Ranj"]
[Result "0-1"]
[WhiteElo "1968"]
[BlackElo "2044"]

1. d4 d5 2. c4 e6 3. cxd5 exd5 4. Nc3 Nf6 5. Nf3 Be7 6. h3 Nc6 7. e4 dxe4 8. Ng5
Nxd4 9. Bc4 O-O 10. O-O Bf5 11. g4 Bg6 12. Re1 e3 13. Bxe3 Nc2 14. Qf3 Nxe1 15.
Rxe1 c6 16. Rd1 Qc7 17. Bd4 Rad8 18. h4 b5 19. Bb3 h5 20. Kg2 hxg4 21. Qe2 a6
22. Bc2 Bxc2 23. Qxc2 g6 24. Nce4 Qf4 25. Nxf6+ Bxf6 26. Be3 Qf5 27. Qxf5 gxf5
28. Rxd8 Rxd8 29. Bb6 Rd2 0-1

[Event "Let's Play Chess!"]
[Site "http://www.queenalice.com/game.php?id=1088934"]
[Date "2012.7.31"]
[Round "-"]
[White "Ranj"]
[Black "josh_hh"]
[Result "1-0"]
[WhiteElo "2039"]
[BlackElo "1182"]

1. e4 e5 2. Nf3 Bc5 3. c3 c6 4. d4 exd4 5. cxd4 Bb4+ 6. Nc3 d5 7. exd5 cxd5 8.
Qa4+ Bd7 9. Qxb4 Nc6 10. Qa3 Nf6 11. Bg5 Qc7 12. Bxf6 gxf6 13. Nxd5 Qc8 14.
Nxf6+ Kd8 15. Nxd7 Kxd7 16. Bd3 Nxd4 17. Nxd4 a5 18. Bf5+ Kd8 19. Bxc8 Re8+ 20.
Ne2 Kxc8 21. Rc1+ Kd7 22. Qd3+ Ke7 23. Rc7+ Kf6 24. Qxh7 a4 25. Qxf7+ Ke5 26.
Re7+ Kd6 27. Rxe8 Rxe8 28. Qxe8 Kc5 29. Kd2 Kb4 30. Qe7+ Ka5 31. Nc3 b5 32. Re1
b4 33. Re5+ Ka6 34. Qd6+ Kb7 35. Re7+ Kc8 36. Qc6+ Kd8 37. Qc7# 1-0

[Event "Let's Play Chess!"]
[Site "http://www.queenalice.com/game.php?id=1114248"]
[Date "2012.10.20"]
[Round "-"]
[White "Ranj"]
[Black "chuckvondra"]
[Result "0-1"]
[WhiteElo "2029"]
[BlackElo "2069"]

1. e4 c5 2. Nf3 d6 3. c3 Nf6 4. Be2 Nc6 5. Qc2 e6 6. O-O Be7 7. a3 O-O 8. d4
cxd4 9. cxd4 Bd7 10. Nc3 Rc8 11. e5 dxe5 12. dxe5 Ng4 13. Qe4 f5 14. exf6 Nxf6
15. Qb1 a6 16. Bd3 h6 17. Nh4 Be8 18. Ng6 Bxg6 19. Bxg6 Ne5 20. Rd1 Qc7 21. Bf4
Nf3+ 22. gxf3 Qxf4 0-1

[Event "Let's Play Chess!"]
[Site "http://www.queenalice.com/game.php?id=1195435"]
[Date "2013.7.28"]
[Round "-"]
[White "dnptrs"]
[Black "Ranj"]
[Result "1-0"]
[WhiteElo "2078"]
[BlackElo "2001"]

1. d4 d5 2. Nf3 e6 3. e3 Be7 4. c4 c6 5. Nc3 Nf6 6. Qc2 h6 7. a3 O-O 8. Bd2 Nbd7
9. cxd5 exd5 10. Rd1 Re8 11. Bd3 a6 12. Qb3 Nh7 13. Bb1 Ndf8 14. Ne5 Bd6 15. Nf3
Ng5 16. Ng1 b5 17. Nge2 a5 18. h3 a4 19. Qc2 c5 20. Nxb5 cxd4 21. Nxd6 Qxd6 22.
Nxd4 Ne4 23. Qc6 Ba6 24. Qxd6 Nxd6 25. Bb4 Ne4 26. Nf5 Re5 27. Ne7+ Kh8 28. Nxd5
Ne6 29. f4 Ng3 30. Rg1 Nxf4 31. Nxf4 Rxe3+ 32. Kf2 Rae8 33. Rge1 Ne2 34. Nxe2
Rxe2+ 35. Rxe2 Rxe2+ 36. Kf3 Re8 37. Be7 g6 38. Rd8 Rxd8 39. Bxd8 Bc4 40. Bc2
Bd5+ 41. Be4 1-0

[Event "Let's Play Chess!"]
[Site "http://www.queenalice.com/game.php?id=1195844"]
[Date "2013.7.28"]
[Round "-"]
[White "Ranj"]
[Black "dnptrs"]
[Result "0-1"]
[WhiteElo "2015"]
[BlackElo "2064"]

1. e4 c5 2. c3 e5 3. Nf3 Nc6 4. d4 Qc7 5. d5 Nb8 6. Be2 d6 7. Nh4 Be7 8. Bb5+
Nd7 9. Nf5 Bf8 10. Qg4 g6 11. Ne3 a6 12. Bd3 Bg7 13. h4 Ngf6 14. Qe2 b5 15. b3
Nh5 16. g3 Ndf6 17. Nd2 Bd7 18. a4 Rb8 19. c4 bxa4 20. bxa4 O-O 21. Kf1 Qc8 22.
Kg1 Rb7 23. Kh2 Qe8 24. Qd1 Qe7 25. Rg1 Bc8 26. Ndf1 Nf4 27. Nf5 gxf5 28. gxf4
Ng4+ 29. Kg3 Bf6 30. Rh1 fxe4 31. Bxe4 exf4+ 32. Kf3 Bxa1 33. Rg1 Qxh4 34. Qe2
Kh8 0-1

[Event "Let's Play Chess!"]
[Site "http://www.queenalice.com/game.php?id=1265123"]
[Date "2014.3.15"]
[Round "-"]
[White "Ranj"]
[Black "brasilianlion"]
[Result "1-0"]
[WhiteElo "1988"]
[BlackElo "2009"]

1. e4 c5 2. Nf3 d6 3. d4 cxd4 4. Nxd4 Nf6 5. Nc3 a6 6. Bd3 e5 7. Nb3 Be6 8. O-O
Nc6 9. Re1 Be7 10. Nd2 b5 11. a3 Rc8 12. Nf1 Nd7 13. Ne3 Nf6 14. Ncd5 Bxd5 15.
Nxd5 Nd7 16. Qg4 g6 17. Nxe7 Qxe7 18. Bh6 f6 19. h4 Nd4 20. c3 Qe6 21. Qg3 Nb3
22. Rab1 Ndc5 23. Bc2 1-0

[Event "Let's Play Chess!"]
[Site "http://www.queenalice.com/game.php?id=1323859"]
[Date "2014.11.23"]
[Round "-"]
[White "Ranj"]
[Black "bobifixer"]
[Result "0-1"]
[WhiteElo "1991"]
[BlackElo "1925"]

1. e4 c6 2. d4 d5 3. e5 Bf5 4. Nf3 e6 5. Bd3 Bxd3 6. Qxd3 Ne7 7. O-O Ng6 8. c4
dxc4 9. Qxc4 Be7 10. Nc3 O-O 11. Ne4 Nd7 12. Bg5 Nb6 13. Qd3 Nd5 14. Qd2 h6 15.
Bxe7 Qxe7 16. g3 Rfd8 17. a3 a5 18. Qc2 Qc7 19. Nd6 Nge7 20. Nh4 Nc8 0-1

[Event "Let's Play Chess!"]
[Site "http://www.queenalice.com/game.php?id=1323860"]
[Date "2014.11.23"]
[Round "-"]
[White "schalturtjik"]
[Black "Ranj"]
[Result "1-0"]
[WhiteElo "2067"]
[BlackElo "2005"]

1. c4 e5 2. Nc3 Nf6 3. Nf3 e4 4. Ng5 Be7 5. Ngxe4 Nxe4 6. Nxe4 O-O 7. d4 d5 8.
cxd5 Qxd5 9. Nc3 Qh5 10. Bf4 Na6 11. e4 Qg6 12. a3 b6 13. Bg3 Bb7 14. Bd3 Rad8
15. Nd5 Rd7 16. Rc1 c6 17. Nxe7+ Rxe7 18. e5 Qe6 19. O-O c5 20. Bc4 Qc8 21. d5
1-0

[Event "Let's Play Chess!"]
[Site "http://www.queenalice.com/game.php?id=1351260"]
[Date "2015.4.2"]
[Round "-"]
[White "Ranj"]
[Black "dnptrs"]
[Result "1/2-1/2"]
[WhiteElo "1961"]
[BlackElo "2100"]

1. e4 c5 2. Nf3 e6 3. c3 d5 4. e5 f6 5. d4 Qc7 6. Bb5+ Nc6 7. O-O Bd7 8. Re1
fxe5 9. Bxc6 bxc6 10. Nxe5 Nf6 11. Bg5 Qd8 12. Nxc6 Bxc6 13. Rxe6+ Kd7 14. Re1
Qb6 15. Nd2 Bd6 16. Nf3 Rae8 17. Ne5+ Kc7 18. b4 c4 19. a4 Rhf8 20. b5 Bd7 21.
Qc2 Ne4 22. Be3 Be7 23. Reb1 Qa5 24. b6+ axb6 25. Nxd7 Kxd7 26. Rb5 Qxc3 27. Qd1
Qd3 28. Qg4+ Kc6 29. Qe6+ Bd6 30. Qxd5+ Kc7 31. a5 Ra8 1/2-1/2

[Event "Let's Play Chess!"]
[Site "http://www.queenalice.com/game.php?id=1351261"]
[Date "2015.4.2"]
[Round "-"]
[White "dnptrs"]
[Black "Ranj"]
[Result "1-0"]
[WhiteElo "2089"]
[BlackElo "1972"]

1. d4 Nf6 2. Nf3 d5 3. c4 e6 4. e3 Nbd7 5. Nc3 c5 6. cxd5 exd5 7. Be2 Bd6 8. O-O
O-O 9. a3 b6 10. Bd2 Bb7 11. Rc1 Ne4 12. Be1 Ndf6 13. Nxe4 dxe4 14. Ne5 Qc7 15.
f4 Nd7 16. b4 Rad8 17. Bh4 f6 18. Qb3+ Kh8 19. Nf7+ Rxf7 20. Qxf7 Rf8 21. Qe6
Bc8 22. Rfd1 Ne5 23. Qb3 Ng6 24. Be1 Qe7 25. dxc5 bxc5 26. bxc5 Bc7 27. Bb5 Bg4
28. Rd4 Be6 29. Qa4 1-0

[Event "Let's Play Chess!"]
[Site "http://www.queenalice.com/game.php?id=1412315"]
[Date "2016.3.6"]
[Round "-"]
[White "Ranj"]
[Black "igorjava"]
[Result "1-0"]
[WhiteElo "1967"]
[BlackElo "1881"]

1. e4 c5 2. c3 Nf6 3. e5 Nd5 4. d4 e6 5. Nf3 h6 6. c4 Nb6 7. d5 d6 8. Nc3 Be7 9.
Bd3 N8d7 10. Bf4 dxe5 11. Nxe5 O-O 12. O-O Nxe5 13. Bxe5 exd5 14. cxd5 f5 15.
Rc1 Nxd5 16. Nxd5 a6 17. Nxe7+ Kf7 18. Nxc8 Rxc8 19. Qh5+ Kg8 20. Bc4+ 1-0